00585nam a2200193Ia 4500008004100000082002000041100001600061245003100077250000600108260002400114300000800138600001600146630003100162700001600193730003100209942000900240999002100249952012100270151018s9999 xx 000 0 und d bRBASDV2474a824 aW. J. Perry aThe Growth of civilization b- bPenguin Booksc1937 a243 aW. J. Perry aThe Growth of civilization aW. J. Perry aThe Growth of civilization cBOOK c1004896d1004893 00104070aRBASDVbRBASDVd1960-02-02g0.00l0oRBASDV2474pRBASDV2474r2015-10-18 00:00:00v0.00w2015-10-18yBOOK